[Event "DEM U10 2025"]
[Site "Willingen GER"]
[Date "2025.06.08"]
[Round "1"]
[White "Al Luwaisi, Taim"]
[Black "Müller, Konstantin"]
[Result "0-1"]
[Termination "normal"]
[Board "1"]
[WhiteElo "1694"]
[BlackElo "1998"]
[WhiteClock "01:01:44"]
[BlackClock "01:34:41"]
[PlyCount "110"]
[WhiteFideId "34645896"]
[BlackFideId "34661778"]
[EventCountry "GER"]
[EventRounds "9"]
[EventType "swiss"]
[EventDate "2025.06.07"]

1. e4 {[%clk 01:30:59]} c5 {[%clk 01:30:55]} {[%emt 00:00:06]} 2. Nf3 {[%clk
01:31:22]} {[%emt 00:00:06]} e6 {[%clk 01:31:21]} {[%emt 00:00:04]} 3. d4
{[%clk 01:31:41]} {[%emt 00:00:11]} cxd4 {[%clk 01:31:47]} {[%emt 00:00:04]} 4.
Nxd4 {[%clk 01:32:01]} {[%emt 00:00:10]} a6 {[%clk 01:32:07]} {[%emt 00:00:11]}
5. Be3 {[%clk 01:32:06]} {[%emt 00:00:24]} Nf6 {[%clk 01:32:26]} {[%emt
00:00:11]} 6. Nc3 {[%clk 01:32:29]} {[%emt 00:00:07]} Qc7 {[%clk 01:32:38]}
{[%emt 00:00:18]} 7. f3 {[%clk 01:32:16]} {[%emt 00:00:43]} Be7 {[%clk
01:32:27]} {[%emt 00:00:41]} 8. Be2 {[%clk 01:32:06]} {[%emt 00:00:40]} O-O
{[%clk 01:32:50]} {[%emt 00:00:08]} 9. a3 {[%clk 01:31:46]} {[%emt 00:00:49]}
b5 {[%clk 01:33:05]} {[%emt 00:00:15]} 10. Na2 {[%clk 01:27:53]} {[%emt
00:04:24]} d5 {[%clk 01:33:05]} {[%emt 00:00:30]} 11. O-O {[%clk 01:27:05]}
{[%emt 00:01:17]} Bb7 {[%clk 01:32:14]} {[%emt 00:01:21]} 12. exd5 {[%clk
01:24:50]} {[%emt 00:02:45]} Nxd5 {[%clk 01:32:35]} {[%emt 00:00:10]} 13. Bc1
{[%clk 01:24:38]} {[%emt 00:00:42]} Bc5 {[%clk 01:31:16]} {[%emt 00:01:49]} 14.
Kh1 {[%clk 01:15:40]} {[%emt 00:09:27]} Rd8 {[%clk 01:30:53]} {[%emt 00:00:53]}
15. Bg5 {[%emt 00:06:02]} Ne7 {[%clk 01:31:07]} {[%emt 00:00:15]} 16. Nxe6
{[%clk 01:09:34]} {[%emt 00:01:05]} fxe6 {[%clk 01:31:26]} {[%emt 00:00:12]}
17. Qe1 {[%clk 01:09:23]} {[%emt 00:00:40]} h6 {[%clk 01:31:39]} {[%emt
00:00:17]} 18. Bd2 {[%clk 01:04:39]} {[%emt 00:05:15]} Bd5 {[%clk 01:30:12]}
{[%emt 00:01:56]} 19. Nb4 {[%clk 01:00:50]} {[%emt 00:04:19]} Nbc6 {[%clk
01:29:54]} {[%emt 00:00:49]} 20. Nxd5 {[%clk 01:00:41]} {[%emt 00:00:38]} exd5
{[%clk 01:30:11]} {[%emt 00:00:13]} 21. Bd3 {[%clk 01:00:48]} {[%emt 00:00:23]}
Qd7 {[%clk 01:27:14]} {[%emt 00:03:26]} 22. Qg3 {[%clk 01:00:12]} {[%emt
00:01:07]} Bd6 {[%clk 01:26:12]} {[%emt 00:01:32]} 23. Qf2 {[%clk 01:00:11]}
{[%emt 00:00:30]} Ne5 {[%clk 01:26:26]} {[%emt 00:00:17]} 24. Be2 {[%clk
01:00:18]} {[%emt 00:00:22]} Nc4 {[%clk 01:25:59]} {[%emt 00:00:58]} 25. Bc3
{[%clk 01:00:41]} {[%emt 00:00:07]} Be5 {[%clk 01:26:15]} {[%emt 00:00:15]} 26.
Bxc4 {[%clk 01:00:15]} {[%emt 00:00:55]} Bxc3 {[%clk 01:26:22]} {[%emt
00:00:23]} 27. Bxb5 {[%clk 01:00:40]} {[%emt 00:00:06]} axb5 {[%clk 01:26:30]}
{[%emt 00:00:22]} 28. bxc3 {[%clk 01:00:57]} {[%emt 00:00:12]} Rac8 {[%clk
01:26:50]} {[%emt 00:00:10]} 29. Qd4 {[%clk 01:00:34]} {[%emt 00:00:53]} Rc4
{[%clk 01:27:04]} {[%emt 00:00:16]} 30. Qd3 {[%clk 01:00:50]} {[%emt 00:00:14]}
Rdc8 {[%clk 01:27:21]} {[%emt 00:00:13]} 31. Rfb1 {[%clk 01:00:02]} {[%emt
00:01:18]} Rxc3 {[%clk 01:27:29]} {[%emt 00:00:23]} 32. Qd4 {[%clk 00:59:23]}
{[%emt 00:01:09]} Rxc2 {[%clk 01:27:24]} {[%emt 00:00:35]} 33. h3 {[%clk
00:59:24]} {[%emt 00:00:27]} Re2 {[%clk 01:27:28]} {[%emt 00:00:27]} 34. Rc1
{[%clk 00:58:20]} {[%emt 00:01:33]} Rcc2 {[%clk 01:27:39]} {[%emt 00:00:20]}
35. Rxc2 {[%clk 00:58:43]} {[%emt 00:00:07]} Rxc2 {[%clk 01:28:00]} {[%emt
00:00:09]} 36. Qd3 {[%clk 00:58:54]} {[%emt 00:00:19]} Qc7 {[%clk 01:28:05]}
{[%emt 00:00:26]} 37. Qxb5 {[%clk 00:59:05]} {[%emt 00:00:18]} Rc1+ {[%clk
01:28:26]} {[%emt 00:00:10]} 38. Rxc1 {[%clk 00:59:08]} {[%emt 00:00:26]} Qxc1+
{[%clk 01:28:49]} {[%emt 00:00:07]} 39. Kh2 {[%clk 00:59:34]} {[%emt 00:00:04]}
Qxa3 {[%clk 01:29:08]} {[%emt 00:00:12]} 40. Qb8+ {[%clk 00:59:51]} {[%emt
00:00:13]} Kh7 {[%clk 01:29:29]} {[%emt 00:00:08]} 41. Qb1+ {[%clk 01:00:14]}
{[%emt 00:00:07]} g6 {[%clk 01:29:31]} {[%emt 00:00:29]} 42. Qe1 {[%clk
01:00:13]} {[%emt 00:00:30]} Qd6+ {[%clk 01:29:56]} {[%emt 00:00:05]} 43. Kh1
{[%clk 01:00:22]} {[%emt 00:00:20]} d4 {[%clk 01:30:22]} {[%emt 00:00:06]} 44.
Qd2 {[%clk 01:00:26]} {[%emt 00:00:25]} Qd7 {[%clk 01:30:43]} {[%emt 00:00:09]}
45. Qd3 {[%clk 01:00:38]} {[%emt 00:00:19]} Nf5 {[%clk 01:30:59]} {[%emt
00:00:14]} 46. Kh2 {[%clk 01:00:50]} {[%emt 00:00:17]} Qd6+ {[%clk 01:31:22]}
{[%emt 00:00:05]} 47. Kg1 {[%clk 01:01:06]} {[%emt 00:00:15]} h5 {[%clk
01:31:47]} {[%emt 00:00:06]} 48. h4 {[%clk 01:01:20]} {[%emt 00:00:16]} Qe7
{[%clk 01:32:10]} {[%emt 00:00:07]} 49. Qc4 {[%clk 01:01:25]} {[%emt 00:00:24]}
Qe3+ {[%clk 01:32:25]} {[%emt 00:00:16]} 50. Kh2 {[%clk 01:01:27]} {[%emt
00:00:28]} Qf4+ {[%clk 01:32:50]} {[%emt 00:00:05]} 51. Kg1 {[%clk 01:01:41]}
{[%emt 00:00:14]} Qxh4 {[%clk 01:33:13]} {[%emt 00:00:09]} 52. Qf7+ {[%clk
01:00:57]} {[%emt 00:01:15]} Ng7 {[%clk 01:33:37]} {[%emt 00:00:06]} 53. Qc4
{[%clk 01:01:08]} {[%emt 00:00:18]} Qe1+ {[%clk 01:33:55]} {[%emt 00:00:11]}
54. Kh2 {[%clk 01:01:31]} {[%emt 00:00:08]} Qe3 {[%clk 01:34:19]} {[%emt
00:00:06]} 55. Qc2 {[%clk 01:01:44]} {[%emt 00:00:17]} d3 {[%clk 01:34:41]}
{[%emt 00:00:08]} 0-1

[Event "DEM U10 2025"]
[Site "Willingen GER"]
[Date "2025.06.08"]
[Round "1"]
[White "Kutlar, Aras"]
[Black "Durst, Lorenz"]
[Result "1-0"]
[Termination "normal"]
[Board "2"]
[WhiteElo "1835"]
[BlackElo "1429"]
[WhiteClock "01:28:51"]
[BlackClock "01:28:23"]
[PlyCount "39"]
[WhiteFideId "51682117"]
[BlackFideId "533043493"]
[EventCountry "GER"]
[EventRounds "9"]
[EventType "swiss"]
[EventDate "2025.06.07"]

1. e4 {[%clk 01:30:52]} {[%emt 00:00:08]} e5 {[%clk 01:30:53]} {[%emt
00:00:06]} 2. Nf3 {[%clk 01:31:15]} {[%emt 00:00:07]} Nc6 {[%clk 01:31:16]}
{[%emt 00:00:07]} 3. d4 {[%clk 01:31:24]} {[%emt 00:00:21]} exd4 {[%clk
01:31:35]} {[%emt 00:00:11]} 4. Nxd4 {[%clk 01:31:48]} {[%emt 00:00:06]} Nxd4
{[%clk 01:31:20]} {[%emt 00:00:46]} 5. Qxd4 {[%clk 01:32:07]} {[%emt 00:00:11]}
Nf6 {[%clk 01:31:40]} {[%emt 00:00:10]} 6. e5 {[%clk 01:32:21]} {[%emt
00:00:16]} c5 {[%clk 01:30:45]} {[%emt 00:01:25]} 7. Qf4 {[%clk 01:28:37]}
{[%emt 00:04:13]} Nd5 {[%clk 01:30:04]} {[%emt 00:01:11]} 8. Qe4 {[%clk
01:28:52]} {[%emt 00:00:15]} Nb6 {[%clk 01:29:51]} {[%emt 00:00:44]} 9. Nc3
{[%clk 01:29:06]} {[%emt 00:00:16]} h6 {[%clk 01:28:50]} {[%emt 00:01:30]} 10.
a4 {[%clk 01:29:06]} {[%emt 00:00:30]} a5 {[%clk 01:29:04]} {[%emt 00:00:17]}
11. Nb5 {[%clk 01:27:38]} {[%emt 00:01:58]} Be7 {[%clk 01:27:24]} {[%emt
00:02:10]} 12. Nd6+ {[%clk 01:26:37]} {[%emt 00:01:31]} Bxd6 {[%clk 01:27:35]}
{[%emt 00:00:18]} 13. exd6+ {[%clk 01:27:00]} {[%emt 00:00:05]} Kf8 {[%clk
01:27:51]} {[%emt 00:00:15]} 14. Be3 {[%clk 01:27:13]} {[%emt 00:00:16]} Qf6
{[%clk 01:27:30]} {[%emt 00:00:53]} 15. Bxc5 {[%clk 01:26:48]} {[%emt
00:00:56]} Qxb2 {[%clk 01:27:30]} {[%emt 00:00:30]} 16. Qe7+ {[%clk 01:27:13]}
{[%emt 00:00:04]} Kg8 {[%clk 01:27:49]} {[%emt 00:00:12]} 17. Qe8+ {[%clk
01:27:37]} {[%emt 00:00:05]} Kh7 {[%clk 01:28:14]} {[%emt 00:00:06]} 18. Bd3+
{[%clk 01:28:03]} {[%emt 00:00:04]} g6 {[%clk 01:28:03]} {[%emt 00:00:41]} 19.
Qxf7+ {[%clk 01:28:27]} {[%emt 00:00:05]} Qg7 {[%clk 01:28:23]} {[%emt
00:00:10]} 20. Bxg6# {[%clk 01:28:51]} {[%emt 00:00:06]} 1-0

[Event "DEM U10 2025"]
[Site "Willingen GER"]
[Date "2025.06.08"]
[Round "1"]
[White "Alloussi, Arian"]
[Black "Blem, Alexander jun."]
[Result "1-0"]
[Termination "normal"]
[Board "4"]
[WhiteElo "1851"]
[BlackElo "1417"]
[WhiteClock "00:03:29"]
[BlackClock "00:15:07"]
[PlyCount "117"]
[WhiteFideId "34637788"]
[BlackFideId "34674926"]
[EventCountry "GER"]
[EventRounds "9"]
[EventType "swiss"]
[EventDate "2025.06.07"]

1. e4 {[%clk 01:30:58]} c5 {[%clk 01:30:47]} {[%emt 00:00:14]} 2. Nf3 {[%clk
01:31:22]} {[%emt 00:00:06]} d6 {[%clk 01:31:12]} {[%emt 00:00:05]} 3. d4
{[%clk 01:31:45]} {[%emt 00:00:06]} cxd4 {[%clk 01:31:39]} {[%emt 00:00:04]} 4.
Nxd4 {[%clk 01:32:07]} {[%emt 00:00:07]} Nf6 {[%clk 01:32:05]} {[%emt
00:00:04]} 5. Nc3 {[%clk 01:32:22]} {[%emt 00:00:14]} g6 {[%clk 01:32:31]}
{[%emt 00:00:05]} 6. f3 {[%clk 01:31:57]} {[%emt 00:00:54]} Bg7 {[%clk
01:32:57]} {[%emt 00:00:05]} 7. Be3 {[%clk 01:32:16]} {[%emt 00:00:10]} O-O
{[%clk 01:33:21]} {[%emt 00:00:05]} 8. Qd2 {[%clk 01:32:01]} {[%emt 00:00:45]}
Nc6 {[%clk 01:33:47]} {[%emt 00:00:05]} 9. O-O-O {[%clk 01:31:51]} {[%emt
00:00:39]} d5 {[%clk 01:33:55]} {[%emt 00:00:24]} 10. Nxc6 {[%clk 01:28:37]}
{[%emt 00:03:44]} bxc6 {[%clk 01:34:19]} {[%emt 00:00:06]} 11. exd5 {[%clk
01:25:40]} {[%emt 00:03:28]} Nxd5 {[%clk 01:33:50]} {[%emt 00:00:59]} 12. Nxd5
{[%clk 01:25:25]} {[%emt 00:00:44]} cxd5 {[%clk 01:34:15]} {[%emt 00:00:05]}
13. Qxd5 {[%clk 01:23:44]} {[%emt 00:02:10]} Qc7 {[%clk 01:34:26]} {[%emt
00:00:20]} 14. Qxa8 {[%clk 01:22:33]} {[%emt 00:01:42]} Bf5 {[%clk 01:34:29]}
{[%emt 00:00:26]} 15. Qxf8+ {[%clk 01:22:56]} {[%emt 00:00:07]} Kxf8 {[%clk
01:34:54]} {[%emt 00:00:04]} 16. Rd2 {[%clk 01:22:16]} {[%emt 00:01:10]} h5
{[%clk 01:34:06]} {[%emt 00:01:18]} 17. Be2 {[%clk 01:18:18]} {[%emt 00:04:29]}
Kg8 {[%clk 01:33:58]} {[%emt 00:00:38]} 18. h3 {[%clk 01:17:25]} {[%emt
00:01:22]} Qg3 {[%clk 01:30:37]} {[%emt 00:03:51]} 19. Bc4 {[%clk 01:15:05]}
{[%emt 00:02:51]} Qc7 {[%clk 01:29:36]} {[%emt 00:01:32]} 20. Bb3 {[%clk
01:14:33]} {[%emt 00:01:02]} h4 {[%clk 01:04:38]} {[%emt 00:25:27]} 21. Rhd1
{[%clk 01:12:30]} {[%emt 00:02:33]} Be5 {[%clk 01:00:36]} {[%emt 00:04:33]} 22.
Rd8+ {[%clk 01:10:22]} {[%emt 00:02:37]} Kg7 {[%clk 00:59:27]} {[%emt
00:01:39]} 23. Bd4 {[%clk 01:08:54]} {[%emt 00:01:58]} Bxd4 {[%clk 00:58:24]}
{[%emt 00:01:33]} 24. R8xd4 {[%clk 01:07:48]} {[%emt 00:01:35]} Qg3 {[%clk
00:57:00]} {[%emt 00:01:55]} 25. R4d2 {[%clk 01:06:50]} {[%emt 00:01:27]} Kf6
{[%clk 00:56:22]} {[%emt 00:01:08]} 26. Re2 {[%clk 01:03:40]} {[%emt 00:03:39]}
Qf4+ {[%clk 00:52:00]} {[%emt 00:04:53]} 27. Kb1 {[%clk 01:03:35]} {[%emt
00:00:35]} a5 {[%clk 00:51:20]} {[%emt 00:01:10]} 28. a4 {[%clk 01:01:36]}
{[%emt 00:02:29]} e6 {[%clk 00:50:08]} {[%emt 00:01:43]} 29. Rd7 {[%clk
00:58:23]} {[%emt 00:03:42]} Qb8 {[%clk 00:46:28]} {[%emt 00:04:10]} 30. Ka2
{[%clk 00:58:24]} {[%emt 00:00:29]} g5 {[%clk 00:43:39]} {[%emt 00:03:20]} 31.
Red2 {[%clk 00:57:14]} {[%emt 00:01:39]} Qe5 {[%clk 00:39:24]} {[%emt
00:04:46]} 32. Bc4 {[%clk 00:51:08]} {[%emt 00:06:36]} Qe3 {[%clk 00:36:00]}
{[%emt 00:03:54]} 33. Re2 {[%clk 00:45:50]} {[%emt 00:05:48]} Qf4 {[%clk
00:34:16]} {[%emt 00:02:14]} 34. Bb5 {[%clk 00:40:19]} {[%emt 00:06:00]} Qb8
{[%clk 00:30:33]} {[%emt 00:04:13]} 35. b3 {[%clk 00:25:52]} {[%emt 00:14:58]}
Qc8 {[%clk 00:29:12]} {[%emt 00:01:51]} 36. Kb2 {[%clk 00:25:12]} {[%emt
00:01:09]} Bg6 {[%clk 00:28:36]} {[%emt 00:01:08]} 37. Red2 {[%clk 00:19:00]}
{[%emt 00:06:42]} Qc5 {[%clk 00:25:03]} {[%emt 00:04:03]} 38. Bd3 {[%clk
00:17:46]} {[%emt 00:01:43]} Bxd3 {[%clk 00:24:01]} {[%emt 00:01:33]} 39. R2xd3
{[%clk 00:16:41]} {[%emt 00:01:35]} Qf2 {[%clk 00:24:02]} {[%emt 00:00:29]} 40.
Rd2 {[%clk 00:17:02]} {[%emt 00:00:09]} Qb6 {[%clk 00:24:24]} {[%emt 00:00:07]}
41. c3 {[%clk 00:13:54]} {[%emt 00:03:39]} Kg6 {[%clk 00:20:22]} {[%emt
00:04:32]} 42. R2d4 {[%clk 00:10:10]} {[%emt 00:04:13]} Qc6 {[%clk 00:19:58]}
{[%emt 00:00:48]} 43. R7d6 {[%clk 00:08:33]} {[%emt 00:02:14]} Qc5 {[%clk
00:16:39]} {[%emt 00:03:47]} 44. Rd7 {[%clk 00:04:07]} {[%emt 00:04:58]} Qe5
{[%clk 00:15:42]} {[%emt 00:01:27]} 45. Rd2 {[%clk 00:03:50]} {[%emt 00:00:47]}
Qe3 {[%clk 00:14:41]} {[%emt 00:01:32]} 46. Rc2 {[%clk 00:03:54]} {[%emt
00:00:24]} Qc5 {[%clk 00:14:25]} {[%emt 00:00:37]} 47. Rb7 {[%clk 00:02:59]}
{[%emt 00:01:35]} Kf6 {[%clk 00:13:41]} {[%emt 00:01:13]} 48. Rb5 {[%clk
00:02:57]} {[%emt 00:00:33]} Qa7 {[%clk 00:14:07]} {[%emt 00:00:04]} 49. Ka2
{[%clk 00:02:51]} {[%emt 00:00:36]} Kg6 {[%clk 00:12:30]} {[%emt 00:02:07]} 50.
c4 {[%clk 00:01:13]} {[%emt 00:02:08]} f6 {[%clk 00:12:16]} {[%emt 00:00:45]}
51. c5 {[%clk 00:01:14]} {[%emt 00:00:29]} Kf7 {[%clk 00:12:26]} {[%emt
00:00:19]} 52. c6 {[%clk 00:01:36]} {[%emt 00:00:08]} Ke8 {[%clk 00:12:40]}
{[%emt 00:00:16]} 53. c7 {[%clk 00:01:55]} {[%emt 00:00:11]} Qxc7 {[%clk
00:12:59]} {[%emt 00:00:11]} 54. Rxc7 {[%clk 00:02:14]} {[%emt 00:00:12]} Kd8
{[%clk 00:13:28]} 55. Rh7 {[%clk 00:02:25]} {[%emt 00:00:17]} Kc8 {[%clk
00:13:51]} {[%emt 00:00:07]} 56. Rxa5 {[%clk 00:02:42]} {[%emt 00:00:14]} Kb8
{[%clk 00:14:17]} {[%emt 00:00:04]} 57. Ra6 {[%clk 00:03:04]} {[%emt 00:00:09]}
e5 {[%clk 00:14:41]} {[%emt 00:00:06]} 58. Re6 {[%clk 00:03:29]} {[%emt
00:00:04]} Kc8 {[%clk 00:15:07]} {[%emt 00:00:04]} 59. Re8# {[%emt 00:00:09]}
1-0

[Event "DEM U10 2025"]
[Site "Willingen GER"]
[Date "2025.06.08"]
[Round "1"]
[White "Mudriievskyi, Jan"]
[Black "Winkens, Jonathan"]
[Result "1-0"]
[Termination "normal"]
[Board "6"]
[WhiteElo "1670"]
[BlackElo "1406"]
[WhiteClock "00:26:43"]
[BlackClock "01:28:53"]
[PlyCount "117"]
[WhiteFideId "34676473"]
[BlackFideId "533019703"]
[EventCountry "GER"]
[EventRounds "9"]
[EventType "swiss"]
[EventDate "2025.06.07"]

1. e4 {[%clk 01:30:50]} {[%emt 00:00:07]} e5 {[%clk 01:30:35]} {[%emt
00:00:26]} 2. Nf3 {[%clk 01:31:06]} {[%emt 00:00:13]} Nc6 {[%clk 01:30:57]}
{[%emt 00:00:09]} 3. d4 {[%clk 01:31:17]} {[%emt 00:00:19]} exd4 {[%clk
01:31:16]} {[%emt 00:00:11]} 4. Nxd4 {[%clk 01:31:10]} {[%emt 00:00:38]} Nf6
{[%clk 01:31:19]} {[%emt 00:00:27]} 5. Nc3 {[%clk 01:31:09]} {[%emt 00:00:30]}
Bb4 {[%clk 01:31:39]} {[%emt 00:00:11]} 6. Nxc6 {[%clk 01:31:22]} {[%emt
00:00:17]} bxc6 {[%clk 01:31:52]} {[%emt 00:00:16]} 7. Bd3 {[%clk 01:31:33]}
{[%emt 00:00:19]} O-O {[%clk 01:30:53]} {[%emt 00:01:29]} 8. O-O {[%clk
01:30:36]} {[%emt 00:01:25]} Re8 {[%clk 01:30:55]} {[%emt 00:00:29]} 9. Qf3
{[%clk 01:21:28]} {[%emt 00:09:38]} h6 {[%clk 01:30:52]} {[%emt 00:00:32]} 10.
h4 {[%clk 01:14:17]} {[%emt 00:07:41]} d5 {[%clk 01:29:42]} {[%emt 00:01:40]}
11. e5 {[%clk 01:06:52]} {[%emt 00:07:57]} Rxe5 {[%clk 01:29:54]} {[%emt
00:00:18]} 12. Bxh6 {[%clk 01:03:27]} {[%emt 00:03:55]} Bg4 {[%clk 01:29:23]}
{[%emt 00:01:01]} 13. Qf4 {[%clk 01:02:24]} {[%emt 00:01:33]} Bd6 {[%clk
01:29:45]} {[%emt 00:00:09]} 14. Bg5 {[%clk 01:01:45]} {[%emt 00:01:08]} Re1
{[%clk 01:28:00]} {[%emt 00:02:14]} 15. Qxg4 {[%clk 00:59:43]} {[%emt
00:02:33]} Rxf1+ {[%emt 00:00:28]} 16. Kxf1 {[%clk 00:59:21]} {[%emt 00:00:32]}
Nxg4 {[%clk 01:28:37]} {[%emt 00:00:15]} 17. Bxd8 {[%clk 00:59:43]} {[%emt
00:00:08]} Rxd8 {[%clk 01:28:58]} {[%emt 00:00:09]} 18. Bf5 {[%clk 00:59:35]}
{[%emt 00:00:38]} Ne5 {[%clk 01:29:04]} {[%emt 00:00:23]} 19. Re1 {[%clk
00:58:24]} {[%emt 00:01:42]} g6 {[%clk 01:28:56]} {[%emt 00:00:38]} 20. Bh3
{[%clk 00:58:24]} {[%emt 00:00:30]} Nc4 {[%clk 01:28:52]} {[%emt 00:00:32]} 21.
b3 {[%clk 00:55:29]} {[%emt 00:03:26]} Na3 {[%clk 01:28:27]} {[%emt 00:00:55]}
22. Re2 {[%clk 00:50:41]} {[%emt 00:05:18]} Nb5 {[%clk 01:28:17]} {[%emt
00:00:39]} 23. Nxb5 {[%clk 00:49:16]} {[%emt 00:01:56]} cxb5 {[%clk 01:28:38]}
{[%emt 00:00:08]} 24. Rd2 {[%clk 00:47:53]} {[%emt 00:01:53]} Bb4 {[%clk
01:28:51]} {[%emt 00:00:18]} 25. Rd1 {[%clk 00:45:04]} {[%emt 00:03:18]} d4
{[%clk 01:29:05]} {[%emt 00:00:16]} 26. Ke2 {[%clk 00:42:48]} {[%emt 00:02:46]}
c5 {[%clk 01:29:04]} {[%emt 00:00:32]} 27. Kd3 {[%clk 00:41:21]} {[%emt
00:01:56]} Kg7 {[%clk 01:28:46]} {[%emt 00:00:48]} 28. a4 {[%clk 00:40:15]}
{[%emt 00:01:37]} bxa4 {[%clk 01:29:02]} {[%emt 00:00:14]} 29. bxa4 {[%clk
00:40:40]} {[%emt 00:00:05]} a5 {[%clk 01:29:24]} {[%emt 00:00:07]} 30. Bg4
{[%clk 00:40:10]} {[%emt 00:00:59]} Rd6 {[%clk 01:29:36]} {[%emt 00:00:19]} 31.
Bf3 {[%clk 00:40:20]} {[%emt 00:00:19]} Kh6 {[%clk 01:29:51]} {[%emt 00:00:15]}
32. h5 {[%clk 00:39:35]} {[%emt 00:01:15]} gxh5 {[%clk 01:30:01]} {[%emt
00:00:20]} 33. Rh1 {[%clk 00:39:58]} {[%emt 00:00:08]} h4 {[%clk 01:29:02]}
{[%emt 00:01:29]} 34. Rxh4+ {[%clk 00:40:14]} {[%emt 00:00:14]} Kg7 {[%clk
01:29:17]} {[%emt 00:00:13]} 35. Be4 {[%clk 00:39:18]} {[%emt 00:01:27]} Rh6
{[%clk 01:29:36]} {[%emt 00:00:12]} 36. Rg4+ {[%clk 00:38:18]} {[%emt
00:01:30]} Kf8 {[%clk 01:29:41]} {[%emt 00:00:25]} 37. g3 {[%clk 00:38:14]}
{[%emt 00:00:33]} Rf6 {[%clk 01:29:51]} {[%emt 00:00:19]} 38. f4 {[%clk
00:38:29]} {[%emt 00:00:16]} Rh6 {[%clk 01:29:30]} {[%emt 00:00:52]} 39. Rg5
{[%clk 00:37:57]} {[%emt 00:01:02]} Rh2 {[%clk 01:29:36]} {[%emt 00:00:24]} 40.
Kc4 {[%clk 00:37:24]} {[%emt 00:01:02]} Re2 {[%clk 01:29:48]} {[%emt 00:00:18]}
41. Bd3 {[%clk 00:37:30]} {[%emt 00:00:25]} Re3 {[%clk 01:30:02]} {[%emt
00:00:15]} 42. g4 {[%clk 00:37:22]} {[%emt 00:00:40]} Ke7 {[%clk 01:29:40]}
{[%emt 00:00:48]} 43. Rg7 {[%clk 00:36:49]} {[%emt 00:01:07]} Kf6 {[%clk
01:29:56]} {[%emt 00:00:15]} 44. Rh7 {[%clk 00:36:31]} {[%emt 00:00:47]} Rf3
{[%clk 01:30:05]} {[%emt 00:00:20]} 45. g5+ {[%clk 00:35:30]} {[%emt 00:01:31]}
Ke7 {[%clk 01:29:54]} {[%emt 00:00:41]} 46. f5 {[%clk 00:35:30]} {[%emt
00:00:31]} Kf8 {[%clk 01:30:13]} {[%emt 00:00:10]} 47. f6 {[%clk 00:31:23]}
{[%emt 00:04:38]} Kg8 {[%clk 01:30:38]} {[%emt 00:00:06]} 48. Rg7+ {[%clk
00:31:45]} {[%emt 00:00:06]} Kf8 {[%clk 01:31:01]} {[%emt 00:00:07]} 49. Kd5
{[%clk 00:31:55]} {[%emt 00:00:21]} Rf4 {[%clk 01:29:24]} {[%emt 00:02:06]} 50.
Kd6 {[%clk 00:32:02]} {[%emt 00:00:24]} c4+ {[%clk 01:29:48]} {[%emt 00:00:07]}
51. Ke5 {[%clk 00:30:28]} {[%emt 00:02:04]} cxd3 {[%clk 01:30:08]} {[%emt
00:00:09]} 52. cxd3 {[%clk 00:30:41]} {[%emt 00:00:17]} Rh4 {[%clk 01:30:12]}
{[%emt 00:00:26]} 53. g6 {[%clk 00:30:08]} {[%emt 00:01:03]} fxg6 {[%clk
01:30:05]} {[%emt 00:00:37]} 54. Rd7 {[%clk 00:28:26]} {[%emt 00:02:09]} Bc3
{[%clk 01:29:53]} {[%emt 00:00:45]} 55. Ke6 {[%clk 00:28:41]} {[%emt 00:00:15]}
Kg8 {[%clk 01:27:43]} {[%emt 00:02:39]} 56. f7+ {[%clk 00:26:12]} {[%emt
00:02:59]} Kf8 {[%clk 01:28:08]} {[%emt 00:00:06]} 57. Rd8+ {[%clk 00:26:28]}
{[%emt 00:00:14]} Kg7 {[%clk 01:28:31]} {[%emt 00:00:06]} 58. f8=Q+ {[%clk
00:26:43]} {[%emt 00:00:15]} Kh7 {[%clk 01:28:53]} {[%emt 00:00:08]} 59. Qh8+
{[%emt 00:01:05]} 1-0